Biện pháp quản lý hoạt động giáo dục hướng nghiệp tại trường trung học phổ thông Ngũ Hành Sơn thành phố Đà Nẵng

Cơ sở lý luận về quản lý HĐGDHN ở trường THPT; Thực trạng công tác quản lý hoạt động giáo dục hướng nghiệp tại trường THPT Ngũ Hành Sơn thành phố Đà Nẵng; Biện pháp quản lý hoạt động giáo dục hướng nghiệp tại trường THPT Ngũ Hành Sơn thành phố Đà Nẵng......

Celý popis

Uloženo v:
Podrobná bibliografie
Hlavní autor: Lê Ngọc Nhất
Další autoři: Lê Quang Sơn PGS.TS (Hướng dẫn)
Médium: Kniha
Vydáno: Đà Nẵng Đại học Đà Nẵng 2012
Témata:
Tagy: Přidat tag
Žádné tagy, Buďte první, kdo otaguje tento záznam!
Thư viện lưu trữ: Mạng thư viện Đại học Đà Nẵng
LEADER 01905nam a2200313 4500
001 000017822
003 14248
005 20130830090842.0
008 130610s2012 sd
082 |a 373.1425  |b LÊ-N 
100 |a Lê Ngọc Nhất 
245 |a Biện pháp quản lý hoạt động giáo dục hướng nghiệp tại trường trung học phổ thông Ngũ Hành Sơn thành phố Đà Nẵng  |c Lê Ngọc Nhất ; Lê Quang Sơn hướng dẫn.  |k Luận văn Thạc sĩ 
260 |a Đà Nẵng  |b Đại học Đà Nẵng  |c 2012 
300 |a 117 tr., phụ lục 7 tr.  |c 29 cm.  |e CD + tóm tắt 
500 |a Luận văn thạc sĩ Giáo dục học. Chuyên ngành: Quản lý giáo dục. Mã số: 60.14.05. 
520 |a Cơ sở lý luận về quản lý HĐGDHN ở trường THPT; Thực trạng công tác quản lý hoạt động giáo dục hướng nghiệp tại trường THPT Ngũ Hành Sơn thành phố Đà Nẵng; Biện pháp quản lý hoạt động giáo dục hướng nghiệp tại trường THPT Ngũ Hành Sơn thành phố Đà Nẵng... 
650 0 4 |a Giáo dục trung học  |v Luận văn tốt nghiệp  |x Trường trung học phổ thông Ngũ Hành Sơn Đà Nẵng.  |x Giáo dục hướng nghiệp  |x Quản lý  |z Đà Nẵng 
653 |a Giáo dục trung học  |a Quản lý giáo dục  |a Giáo dục hướng nghiệp 
700 |a Lê Quang Sơn  |c PGS.TS  |e Hướng dẫn 
OWN |a LSP 
AVA |a UDN50  |b LSP  |d 373.1425 LÊ-N  |e available  |t Error 5001 Not defined in file expand_doc_bib_avail.  |f 1  |g 0  |h N  |i 0  |k 1 
999 |a From the UDN01 
AVA |a UDN50  |b LSP  |d 373.1425 LÊ-N  |e available  |t Error 5001 Not defined in file expand_doc_bib_avail.  |f 1  |g 0  |h N  |i 0  |k 1 
TYP |a Monograph 
TYP |a Printed language 
980 |a Mạng thư viện Đại học Đà Nẵng